Città con gli Edifici più alti - Unione Europea - Statistics

Statistiche generali
  • Questo quiz è stato fatto 44 volte
  • Il punteggio medio è 9 su 10
Statistiche sulle risposte
Edificio Altezza (m) Città % Corretto
Torre de Cristal 249 Madrid
98%
Torre Cepsa 248,3 Madrid
98%
Torre PwC 236 Madrid
98%
Torre Emperador 224,2 Madrid
98%
Torre UniCredit 231 Milano
98%
Tour First 231 Parigi
98%
Varso Tower 310 Varsavia
80%
Palazzo della Cultura e della Scienza 237 Varsavia
80%
Commerzbank Tower 259 Francoforte sul Meno
78%
Messeturm 256,5 Francoforte sul Meno
78%
Nessun quiz corrispondente trovato
Distribuzione punteggi
Percentuale di utenti per punteggio
Percentile per numero di risposta
I tuoi punteggi nel tempo
Non hai fatto questo quiz